Advancements to the house of quality in quality function deployment /
Saved in:
| 主要作者: | |
|---|---|
| 格式: | Thesis 圖書 |
| 語言: | English |
| 出版: |
2000.
|
| 主題: | |
| 標簽: |
添加標簽
沒有標簽, 成為第一個標記此記錄!
|
| LEADER | 00854cam a2200217 a 4500 | ||
|---|---|---|---|
| 001 | u686020 | ||
| 003 | SIRSI | ||
| 008 | 000929s2000 si v 00 1 eng m | ||
| 035 | |a ACO-1234 | ||
| 040 | |a UMM | ||
| 090 | |a TA7 |b NUSP 2000 She | ||
| 100 | 1 | 0 | |a Shen, Xiaoxiang. |
| 245 | 1 | 0 | |a Advancements to the house of quality in quality function deployment / |c by Shen Xiaoxiang. |
| 260 | |c 2000. | ||
| 300 | |a xii, 314 leaves : |b ill. ; |c 30 cm. | ||
| 502 | |a Thesis (Ph.D.) -- Dept. of Industrial & Systems Engineering, Faculty of Engineering, National University of Singapore, 2000. | ||
| 504 | |a Bibliography: leaves 259-284. | ||
| 650 | 0 | |a Quality function deployment. | |
| 948 | |a 21/02/2001 |b 02/07/2004 | ||
| 596 | |a 1 | ||
| 999 | |a TA7 NUSP 2000 SHE |w LC |c 1 |i A510138586 |d 1/4/2011 |e 1/4/2011 |f 4/7/2006 |g 1 |l B_KOM4 |m P01UTAMA |n 1 |r Y |s Y |t TESIS |u 21/2/2005 |o .PUBLIC. BKOM 4 : 44721 | ||
